LIBRARY & INFORMATION CENTRE, KCAET, TAVANUR

ONLINE PUBLIC ACCESS CATALOGUE (OPAC)

Normal view MARC view
  • David, B V .

Entry Personal Name

Number of records used in: 1

001 - CONTROL NUMBER

  • control field: 1291

003 - CONTROL NUMBER IDENTIFIER

  • control field: OSt

005 - DATE AND TIME OF LATEST TRANSACTION

  • control field: 20160825150400.0

008 - FIXED-LENGTH DATA ELEMENTS

  • fixed length control field: 160825|| aca||aabn | a|a d

040 ## - CATALOGING SOURCE

  • Original cataloging agency: OSt
  • Transcribing agency: OSt

100 ## - HEADING--PERSONAL NAME

  • Personal name: David, B V .

670 ## - SOURCE DATA FOUND

  • Source citation: Work cat.: (OSt)10307: Nayan, K K . 1289, General and applied entomology / , 1983.
free website counter